| 000 | 00681nam a22001937a 4500 | ||
|---|---|---|---|
| 003 | OSt | ||
| 005 | 20240924065058.0 | ||
| 008 | 240924b |||||||| |||| 00| 0 eng d | ||
| 020 | _a9789710445424 | ||
| 040 |
_aDWCL-main lib. _cOC |
||
| 082 | _aFil. 899.211 K92 2009 | ||
| 245 |
_aKritika : selected readings in Philippine literature from pre-colonial to post EDSA _cJaime Gutierrez-Ang, editor. |
||
| 260 |
_aManila : _bMindshapers Co., Inc., _cc2009. |
||
| 300 |
_aviii, 267 pages ; _c25 cm. |
||
| 504 | _aIncludes bibliographical references. | ||
| 650 |
_aPhilippine literature _vCollections |
||
| 650 | _aPhilippine literature | ||
| 942 |
_2ddc _cBK - FIL _kFil. 899.211 K92 2009 _n1 |
||
| 999 |
_c3088 _d3088 |
||